El hombre como antena /
Los sentidos del hombre. Corpúsculos táctiles: constitución. Sensibilidad al calor, al frío, al contacto. Elaboración de los estímulos nerviosos. Filtro selector. Rabdomancia: facultades que traspasan los sentidos habituales.
Guardado en:
| Autor Corporativo: | |
|---|---|
| Formato: | |
| Series: | El cuerpo humano
|
| Materias: | |
| Etiquetas: |
Agregar Etiqueta
Sin Etiquetas, Sea el primero en etiquetar este registro!
|
| LEADER | 01005ngm a22002655g 4500 | ||
|---|---|---|---|
| 001 | CEM.cems022075 | ||
| 008 | 130507b1994##################0###0#####d | ||
| 005 | 20241003153055.0 | ||
| 245 | 1 | 0 | |a El hombre como antena / |c Transtel. |
| 300 | |a 27'. | ||
| 490 | 0 | |a El cuerpo humano | |
| 500 | |a En soporte VHS, consultar en ventanilla. | ||
| 520 | |a Los sentidos del hombre. Corpúsculos táctiles: constitución. Sensibilidad al calor, al frío, al contacto. Elaboración de los estímulos nerviosos. Filtro selector. Rabdomancia: facultades que traspasan los sentidos habituales. | ||
| 538 | |a Soporte: VHS - Norma: Pal N - Color - Grabación DRD 1994 - Hitachi=4830 | ||
| 110 | 2 | |a Transtel. | |
| 082 | 6 | 1 | |. 8/TRA |
| 653 | |a ANATOMIA | ||
| 653 | |a FISIOLOGIA | ||
| 653 | |a PERCEPCION | ||
| 653 | |a SENTIDOS | ||
| 653 | |a SENSIBILIDAD | ||
| 653 | |a CORPUSCULOS TACTILES | ||
| 653 | |a RABDOMANCIA | ||
| 653 | |a NIVEL SECUNDARIO | ||
| 859 | |a CEMS |b BIB. CEMS - Depto. Recursos Didacticos |h 611.8 |i TRA |k DRD |p 718.12 |t Ej.1 | ||
